Miss bindergarten celebrates the 100th day / (Record no. 4998)

MARC details
000 -LEADER
fixed length control field 01079nam a22003017a 4500
001 - CONTROL NUMBER
control field 4998
003 - CONTROL NUMBER IDENTIFIER
control field FISKH
005 - DATE AND TIME OF LATEST TRANSACTION
control field 20241031112133.0
008 - FIXED-LENGTH DATA ELEMENTS--GENERAL INFORMATION
fixed length control field 241031b cb ||||| |||| 00| 0 eng d
020 ## - INTERNATIONAL STANDARD BOOK NUMBER
International Standard Book Number 0439065127
040 ## - CATALOGING SOURCE
Original cataloging agency FISKH
Language of cataloging eng
Transcribing agency FISKH
Modifying agency FISKH
050 ## - LIBRARY OF CONGRESS CALL NUMBER
Classification number PZ8.S629
082 ## - DEWEY DECIMAL CLASSIFICATION NUMBER
Edition number 823.0872
100 ## - MAIN ENTRY--PERSONAL NAME
Personal name Slate, Joseph
Dates associated with a name (1928–2020)
245 ## - TITLE STATEMENT
Title Miss bindergarten celebrates the 100th day /
Statement of responsibility, etc. by Joseph Slate illustrated by Ashley Wolff
250 ## - EDITION STATEMENT
Edition statement First printing in 1999.
260 ## - PUBLICATION, DISTRIBUTION, ETC.
Place of publication, distribution, etc. New York :
Name of publisher, distributor, etc. Scholastic,
Date of publication, distribution, etc. 1999.
300 ## - PHYSICAL DESCRIPTION
Extent 39 pages :
Other physical details Color illustrations ;
Dimensions 28 cm
505 ## - FORMATTED CONTENTS NOTE
Formatted contents note N<br/>
520 ## - SUMMARY, ETC.
Summary, etc. To celebrate one hundred days in Miss Bindergarten's kindergarten class, all her students bring one hundred of something to school, including a one hundred-year-old relative, one hundred candy hearts, and one hundred polka dots.
521 8# - TARGET AUDIENCE NOTE
Target audience note 580L<br/>
Source Lexile<br/>
521 8# - TARGET AUDIENCE NOTE
Target audience note N<br/>
Source Raz-Plus<br/>
650 ## - SUBJECT ADDED ENTRY--TOPICAL TERM
Source of heading or term Picture book
Topical term or geographic name entry element Kindergarten
650 ## - SUBJECT ADDED ENTRY--TOPICAL TERM
Source of heading or term Counting
Topical term or geographic name entry element Math
700 ## - ADDED ENTRY--PERSONAL NAME
Personal name Wolff, Ashley
Dates associated with a name Illustrator
942 ## - ADDED ENTRY ELEMENTS (KOHA)
Source of classification or shelving scheme Dewey Decimal Classification
Koha item type Books
Suppress in OPAC No
Holdings
Withdrawn status Lost status Source of classification or shelving scheme Damaged status Not for loan Collection Home library Current library Shelving location Date acquired Total Checkouts Full call number Barcode Date last seen Date last checked out Copy number Price effective from Koha item type
    Dewey Decimal Classification     Fiction Footprints International School Library Network Toul Kork Campus Footprints International School Library Network Toul Kork Campus TK Primary Library Room(4th Floor), Bookcase 3&4, Shelves 17-32, Yellow Books 10/31/2024 1 SLA 823.0872 PZ8.S629 2024-2262 02/26/2025 02/19/2025 1 10/31/2024 Books